Neurológia recenzovaný, postgraduálne zameraný odborný lekársky časopis

Bibliographic Details
Format: Journal
Language:Slovak
Czech
PhysicalDescription:zv. obr., tab. 30 cm
Published: Bratislava Samedi 2006-
Bratislava A-medi management, s.r.o.
ISSN:1336-8621
Subjects:
Online Access:http://www.samedi.sk

MARC

LEADER 00000cas a2200000 a 4500
001 vtls008856832
003 SK-MaSNL
005 20260420104100.0
008 061020c20069999xo tr|p 0 b0slo
022 |a 1336-8621 
035 |a (SVKBB03)vtls000249035 
040 |a SVKPO  |b slo  |c SVKPO  |d SVKBB  |d SAVUK  |d SNK  |e AACR2 
041 0 |a slo  |a cze  |b eng  |b slo 
044 |a xo  |c SK 
072 7 |a 616  |x Patológia. Klinická medicína  |2 konspekt 
080 |a 616.8  |2 2011 
080 |a 050  |a 2011 
080 |a (051)-027.561  |2 2011 
210 0 |a Neurológia  |b (Bratisl.) 
222 0 |a Neurológia  |b (Bratislava) 
245 0 0 |a Neurológia  |b recenzovaný, postgraduálne zameraný odborný lekársky časopis 
246 1 1 |a Neurology  |b reviewed, postgraduate scientific medical journal 
260 |a Bratislava  |b Samedi  |c 2006- 
260 3 |3 2015-  |a Bratislava  |b A-medi management, s.r.o. 
300 |a zv.  |b obr., tab.  |c 30 cm 
310 |a 3x ročne  |b 2007- 
321 |a 2x ročne  |b 2006 
362 0 |a Roč. 1, č. 1 (2006)- 
500 |a Reg. číslo: MK SR 3511/2006 
500 |a Evidenčné číslo: EV 3190/09 
500 |a Časopis je indexovaný v Slovenskej národnej bibliografii, Bibliografia medica Slovaca (BMS) a zaradený do citačnej datábazy CiBaMed 
504 |a Bibliogr. odkazy 
546 |a Text aj v češ. ; res. angl., slov. 
650 0 7 |a neurológia  |2 SNKPH  |9 908 
650 0 7 |a Neurology  |2 SNKPHeng  |9 267633 
655 7 |a odborné časopisy  |2 SNKPH  |9 70505 
655 7 |a Professional journals  |2 SNKPHeng  |9 265007 
852 |a Štátna vedecká knižnica v Banskej Bystrici 
852 |a Štátna vedecká knižnica v Prešove 
856 4 1 |u http://www.samedi.sk 
910 |a savuk 
910 |a snk 
916 |a 2006-2014, 2015-2016, 2017-2018, 2019 
999 |c 5243  |d 7173 
952 |t č. 1-3 + suplement  |a SNK  |b SNK  |y PREZ  |7 0  |p 17A1145074  |o snkČSB 5722/9/2014  |i snk2015/22329  |8 0  |f 1  |0 0  |1 0  |4 0  |d 2015-07-21  |l 0  |r 2026-02-21 19:46:02  |w 2026-02-21 
952 |t č. 1-3 + suppl.  |a SNK  |b SNK  |y PREZ  |7 0  |p 17A1521957  |o snkČSB 5722/13/2018 D1  |i snk2023/16269  |8 0  |z Suppl. 1  |0 0  |1 0  |4 0  |d 2023-11-10  |l 0  |r 2026-02-21 19:47:37  |w 2026-02-21 
952 |t č. 1-3 + suppl. S1, S2  |a SNK  |b SNK  |y PREZ  |7 0  |p 17A1521958  |o snkČSB 5722/14/2019 D1  |i snk2023/16270  |8 0  |z S1-Supplement - Abstrakty prednášok ; S2-Supplement kazuistík  |0 0  |1 0  |4 0  |d 2023-11-10  |l 0  |r 2026-02-21 19:47:37  |w 2026-02-21 
952 |t č. 1-3 + S1, S2  |a SNK  |b SNK  |y PREZ  |7 0  |p 17A1525673  |o snkČSB 5722/18/2023  |i snk2025/4542  |8 0  |z Suplement 1 - Zborník abstraktov ; 7. Fetival neurokazuistík 14.-15. apríl 2023 Martin ; ; Suplement 2 - Zborník abstraktov ; 10. Dni demyelinizačných ochorení 5.-6. október Bratislava  |f 1  |0 0  |1 0  |4 0  |d 2025-03-13  |l 0  |r 2026-02-21 19:48:01  |w 2026-02-21 
952 |t č. 1-3 + S1, S2 + reprint  |a SNK  |b SNK  |y PREZ  |7 0  |p 17A1522229  |o snkČSB 5722/15/2020  |i snk2023/18375  |8 0  |z Č 1/2020 má dvakrát samostatný reprint ;   |f 1  |0 0  |1 0  |4 0  |d 2023-12-15  |l 0  |r 2026-02-21 19:48:38  |w 2026-02-21 
952 |t č. 1-3 + S1, S2 + reprint  |a SNK  |b SNK  |y PREZ  |7 0  |p 17A1522230  |o snkČSB 5722/15/2020 D1  |i snk2023/18376  |8 0  |z Č 1/2020 má dvakrát samostatný reprint  |0 0  |1 0  |4 0  |d 2023-12-15  |l 0  |r 2026-02-21 19:48:38  |w 2026-02-21 
952 |t č. 1-3 + reprint  |a SNK  |b SNK  |y PREZ  |7 0  |p 17A1522231  |o snkČSB 5722/17/2022  |i snk2023/18377  |8 0  |z Č 2/2022 má samostatný reprint  |f 1  |0 0  |1 0  |4 0  |d 2023-12-15  |l 0  |r 2026-02-21 19:48:38  |w 2026-02-21 
952 |t č. 1-3  |a SNK  |b SNK  |y PREZ  |7 0  |p 17A1521959  |o snkČSB 5722/16/2021  |i snk2023/16271  |8 0  |f 1  |0 0  |1 0  |4 0  |d 2023-11-10  |l 0  |r 2026-02-21 19:48:45  |w 2026-02-21 
952 |t č. 1-3, neúplné  |a SNK  |b SNK  |c SNK_KF  |y PREZ  |7 0  |p 17A1558831  |o snkČSB 5722/17/2022 D1  |i snk2026/1792  |8 3  |z V č. 2 chýba reprint  |0 0  |1 0  |4 0  |d 2026-02-03  |l 0  |r 2026-02-21 20:12:24  |w 2026-02-21 
952 |t č. 1-3  |a SNK  |b SNK  |y PREZ  |7 0  |p 17A0870786  |o snkČSB 5722/8/2013 D1  |i snk2014/27740  |8 0  |0 0  |1 0  |4 0  |d 2014-12-12  |l 0  |r 2026-02-21 20:27:40  |w 2026-02-21 
952 |t č. 1-3  |a SNK  |b SNK  |y PREZ  |7 0  |p 17A1087348  |o snkČSB 5722/2/2007  |i snk2014/2581  |8 0  |f 1  |0 0  |1 0  |4 0  |d 2014-01-27  |l 0  |r 2026-02-21 20:31:28  |w 2026-02-21 
952 |t č. 1-3  |a SNK  |b SNK  |y PREZ  |7 0  |p 17A1087349  |o snkČSB 5722/2/2007 D1  |i snk2014/2584  |8 0  |0 0  |1 0  |4 0  |d 2014-01-27  |l 0  |r 2026-02-21 20:31:34  |w 2026-02-21 
952 |t č. 1-3  |a SNK  |b SNK  |y PREZ  |7 0  |p 17A1087350  |o snkČSB 5722/3/2008 D1  |i snk2014/2585  |8 0  |0 0  |1 0  |4 0  |d 2014-01-27  |l 0  |r 2026-02-21 20:31:34  |w 2026-02-21 
952 |t č. 1-3  |a SNK  |b SNK  |y PREZ  |7 0  |p 17A1087351  |o snkČSB 5722/4/2009 D1  |i snk2014/2587  |8 0  |0 0  |1 0  |4 0  |d 2014-01-27  |l 0  |r 2026-02-21 20:31:34  |w 2026-02-21 
952 |t č. 1-3  |a SNK  |b SNK  |y PREZ  |7 0  |p 17A1087352  |o snkČSB 5722/5/2010 D1  |i snk2014/2589  |8 0  |0 0  |1 0  |4 0  |d 2014-01-27  |l 0  |r 2026-02-21 20:31:34  |w 2026-02-21 
952 |t č. 1-3  |a SNK  |b SNK  |y PREZ  |7 0  |p 17A1087353  |o snkČSB 5722/6/2011  |i snk2014/2592  |8 0  |f 1  |0 0  |1 0  |4 0  |d 2014-01-27  |l 0  |r 2026-02-21 20:31:34  |w 2026-02-21 
952 |t č. 1-3  |a SNK  |b SNK  |y PREZ  |7 0  |p 17A1087354  |o snkČSB 5722/6/2011 D1  |i snk2014/2595  |8 0  |z chýba č. 3  |0 0  |1 0  |4 0  |d 2014-01-27  |l 0  |r 2026-02-21 20:31:35  |w 2026-02-21 
952 |t č. 1-3  |a SNK  |b SNK  |y PREZ  |7 0  |p 17A1087355  |o snkČSB 5722/7/2012  |i snk2014/2596  |8 0  |f 1  |0 0  |1 0  |4 0  |d 2014-01-27  |l 0  |r 2026-02-21 20:31:35  |w 2026-02-21 
952 |t č. 1-3  |a SNK  |b SNK  |y PREZ  |7 0  |p 17A1087356  |o snkČSB 5722/7/2012 D1  |i snk2014/2597  |8 0  |0 0  |1 0  |4 0  |d 2014-01-27  |l 0  |r 2026-02-21 20:31:35  |w 2026-02-21 
952 |t č. 1-3  |a SNK  |b SNK  |y PREZ  |7 0  |p 17A1087357  |o snkČSB 5722/8/2013  |i snk2014/2602  |8 0  |f 1  |0 0  |1 0  |4 0  |d 2014-01-27  |l 0  |r 2026-02-21 20:31:35  |w 2026-02-21 
952 |t č. 1-2  |a SNK  |b SNK  |y PREZ  |7 0  |p 17A0679362  |o snkČSB 5722/1/2006  |i snk2011/4998  |8 0  |f 1  |0 0  |1 0  |4 0  |d 2011-03-07  |l 0  |r 2026-02-21 21:23:29  |w 2026-02-21 
952 |t č. 1-2  |a SNK  |b SNK  |y PREZ  |7 0  |p 17A0889069  |o snkČSB 5722/2006/1-2  |z č. 1-2  |0 0  |1 0  |4 0  |d 2015-04-21  |l 0  |r 2026-02-21 21:26:17  |w 2026-02-21 
952 |t č. 1-3  |a SNK  |b SNK  |y PREZ  |7 0  |p 17A0679363  |o snkČSB 5722/3/2008  |i snk2011/5044  |8 0  |f 1  |0 0  |1 0  |4 0  |d 2011-03-07  |l 0  |r 2026-02-21 21:30:30  |w 2026-02-21 
952 |t č. 1-3  |a SNK  |b SNK  |y PREZ  |7 0  |p 17A0679364  |o snkČSB 5722/4/2009  |i snk2011/5046  |8 0  |f 1  |0 0  |1 0  |4 0  |d 2011-03-07  |l 0  |r 2026-02-21 21:30:31  |w 2026-02-21 
952 |t č. 1-3  |a SNK  |b SNK  |y PREZ  |7 0  |p 17A0679365  |o snkČSB 5722/5/2010  |i snk2011/5049  |8 0  |f 1  |0 0  |1 0  |4 0  |d 2011-03-07  |l 0  |r 2026-02-21 21:41:45  |w 2026-02-21 
952 |t č. 1-3  |a SNK  |b SNK  |y PREZ  |7 0  |p 17A1365473  |o snkČSB 5722/11/2016 D1  |i snk2019/7541  |8 0  |0 0  |1 0  |4 0  |d 2019-03-19  |l 0  |r 2026-02-21 21:51:51  |w 2026-02-21 
952 |t č. 1-3 + suppl.  |a SNK  |b SNK  |y PREZ  |7 0  |p 17A1365472  |o snkČSB 5722/12/2017  |i snk2019/7560  |8 0  |z Príl.: Supplement kazuistík S2  |f 1  |0 0  |1 0  |4 0  |d 2019-03-19  |l 0  |r 2026-02-21 21:51:51  |w 2026-02-21 
952 |t č. 1-3 + suppl.  |a SNK  |b SNK  |y PREZ  |7 0  |p 17A1365471  |o snkČSB 5722/13/2018  |i snk2019/7563  |8 0  |z Príl.: Supplement kazuistík S1  |f 1  |0 0  |1 0  |4 0  |d 2019-03-19  |l 0  |r 2026-02-21 21:51:51  |w 2026-02-21 
952 |t č. 1-3 + suppl. S1, S2  |a SNK  |b SNK  |y PREZ  |7 0  |p 17A1388028  |o snkČSB 5722/14/2019  |i snk2020/7937  |8 0  |z S1-Supplement - Abstrakty prednášok ; S2-Supplement kazuistík  |f 1  |0 0  |1 0  |4 0  |d 2020-05-19  |l 0  |r 2026-02-21 21:53:14  |w 2026-02-21 
952 |t č. 1-3 + suppl. S2  |a SNK  |b SNK  |y PREZ  |7 0  |p 17A1388027  |o snkČSB 5722/12/2017 D1  |i snk2020/7943  |8 0  |z Supplement kazuistík  |0 0  |1 0  |4 0  |d 2020-05-19  |l 0  |r 2026-02-21 21:53:14  |w 2026-02-21 
952 |t č. 1-3 + suplement  |a SNK  |b SNK  |y PREZ  |7 0  |p 17A1046251  |o snkČSB 5722/9/2014 D1  |i snk2016/23585  |8 0  |z Prílohy: Supplement  |0 0  |1 0  |4 0  |d 2016-10-10  |l 0  |r 2026-02-21 22:09:45  |w 2026-02-21 
952 |t č. 1-3 + suplement  |a SNK  |b SNK  |y PREZ  |7 0  |p 17A1046252  |o snkČSB 5722/10/2015  |i snk2016/23590  |8 0  |z Prílohy: K č. 2 je pripojené Supplementum  |f 1  |0 0  |1 0  |4 0  |d 2016-10-10  |l 0  |r 2026-02-21 22:09:45  |w 2026-02-21 
952 |t č. 1-3, neúplný  |a SNK  |b SNK  |y PREZ  |7 0  |p 17A1266447  |o snkČSB 5722/10/2015 D1  |i snk2018/66  |8 0  |z Chýba suplement  |0 0  |1 0  |4 0  |d 2018-01-04  |l 0  |r 2026-02-21 22:25:58  |w 2026-02-21 
952 |t č. 1-3  |a SNK  |b SNK  |y PREZ  |7 0  |p 17A1266446  |o snkČSB 5722/11/2016  |i snk2018/72  |8 0  |f 1  |0 0  |1 0  |4 0  |d 2018-01-04  |l 0  |r 2026-02-21 22:25:58  |w 2026-02-21 
952 |t 2  |a SNK  |b SNK  |c SNK_KF  |y PREZ  |7 0  |p 17A1559348  |o ssnkČSB 5722/18/2023 D1  |i snk2026/4067  |h č. 1-3, neúplné  |8 3  |g 18.00  |z Chýba S1, S2  |0 0  |1 0  |2 udc  |4 0  |d 2026-03-23  |l 0  |r 2026-03-23 08:55:08  |w 2026-03-23